1601 1799 1092 1683 1438 1061 1246 1964 1993 1384 1085 1842 1019 1885 1900 1708 1405 1780 1837 1672 1486 1581 1370 1503 1243 1693 1611 1998 1019 1919 1689 1418 1132 1593 1661 1243 1999 1881 1368 1732 1271 1941 1958 1514 1820 1896 1058 1604 1512 1158 1461 1320 1226 1829 1584 1205 1985 1738 1083 1919 1684 1411 1128 1932 1211 1814 1492 1132 1335 1312 1522 1774 1664 1448 1763 1650 1182 1188 1075 1952 1210 1960 1901 1421 1054 1154 1251 1082 1440 1661 1899 1650 1372 1391 1958 1735 1109 1870 1788 BCNSPRNW ULIB Ver.6.0+V

เปลี่ยนเป็นภาษาไทย

Change to English
 แสดงรายละเอียดบรรณานุกรม
  กลับหน้าหลัก

Brief Record : Get Marc (ISO 2709) : E-mail record : QR code < ปิดหน้าต่าง
LEADER : 00000nam 2200000uu 4500
001    13399125393
003     ULIB
008    170524s2559||||th 000 0 tha d
020    ^a9786164067240
060  0 ^aWY20.5^bอ664ก
100 0  ^aอารีย์วรรณ อ่วมตานี
245 10 ^aการวิจัยเชิงคุณภาพทางการพยาบาล =^bQualitative research innursing /^cอารีย์วรรณ อ่วมตานี
246 31 ^aQualitative research in nursing
250    ^aพิมพ์ครั้งที่ 3
260    ^aกรุงเทพฯ :^bคณะพยาบาลศาสตร์ จุฬาลงกรณ์มหาวิทยาลัย,^c2559
300    ^a305 หน้า ;^c21 ซม.
500    ^aกฏหมายวิชาชีพ
505 0  ^aการวางแผนการวิจัยเชิงคุณภาพ -- การเก็บรวบรวมข้อมูลการวิจัยเชิงคุณภาพ -- การวิเคราะห์ข้อมูล -- ความน่าเชื่อถือได้ของข้อมูลการวิจัยเชิงคุณภาพ -- การเขียนรายงานการวิจัยเชิงคุณภาพ -- การวิจัยปรากฏการณ์วิทยา -- การวิจัยทฤษฏีพื้นฐาน
650  7 ^aการพยาบาล^xวิจัย
650  7 ^aวิจัยเชิงคุณภาพ
650  0 ^aกฏหมายวิชาชีพ
710 2  ^aจุฬาลงกรณ์มหาวิทยาลัย. ^bคณะพยาบาลศาสตร์
945    ^p0^l0^i002194
945    ^p0^l0^i002195
945    ^p0^l0^i002196
945    ^p0^l0^i002197
945    ^p0^l0^i002198
999    ^aวรรณษา ชูชัยมงคล
รายการนี้ยังไม่มีแท็ก
คุณยังไม่ได้ล็อกอิน คุณสามารถมีกิจกรรมร่วมกับเว็บไซต์ได้ แต่ต้องล็อกอินก่อน ::
  ล็อกอิน

รายการสื่อสารสนเทศ

ลำดับที่ ประเภท เลขเรียก/บาร์โค้ด สถานที่ สถานะ
1. วิทยาศาสตร์การแพทย์ และสุขภาพ
วิทยาศาสตร์การแพทย์ และสุขภาพ
สถานะ=หนังสือเก่า
WY20.5 อ664ก ฉ.1 
  Barcode: 002194
ห้องสมุดวิทยาเขตสวรรค์ประชารักษ์
►ส่วนจัดเก็บหนังสือเก่า สปร
บนชั้น
  ขอยืม
2. วิทยาศาสตร์การแพทย์ และสุขภาพ
วิทยาศาสตร์การแพทย์ และสุขภาพ
สถานะ=หนังสือเก่า
WY20.5 อ664ก ฉ.2 
  Barcode: 002195
ห้องสมุดวิทยาเขตสวรรค์ประชารักษ์
►ส่วนจัดเก็บหนังสือเก่า สปร
บนชั้น
  ขอยืม
3. วิทยาศาสตร์การแพทย์ และสุขภาพ
วิทยาศาสตร์การแพทย์ และสุขภาพ
WY20.5 อ664ก ฉ.3 
  Barcode: 002196
ห้องสมุดวิทยาเขตสวรรค์ประชารักษ์
►หนังสือทั่วไป
บนชั้น
4. วิทยาศาสตร์การแพทย์ และสุขภาพ
วิทยาศาสตร์การแพทย์ และสุขภาพ
สถานะ=หนังสือเก่า
WY20.5 อ664ก ฉ.4 
  Barcode: 002197
ห้องสมุดวิทยาเขตสวรรค์ประชารักษ์
►ส่วนจัดเก็บหนังสือเก่า สปร
บนชั้น
  ขอยืม
5. วิทยาศาสตร์การแพทย์ และสุขภาพ
วิทยาศาสตร์การแพทย์ และสุขภาพ
สถานะ=หนังสือเก่า
WY20.5 อ664ก ฉ.5 
  Barcode: 002198
ห้องสมุดวิทยาเขตสวรรค์ประชารักษ์
►ส่วนจัดเก็บหนังสือเก่า สปร
บนชั้น
  ขอยืม

รายการใกล้เคียง
    ผู้แต่ง [อารีย์วรรณ อ่วมตานี]

    หัวเรื่อง [วิจัยเชิงคุณภาพ]

BibComment


ยังไม่เคยถูกคอมเมนท์

คอมเมนท์ทรัพยากรรายการนี้
  คอมเมนท์: การวิจัยเชิงคุณภ..


 Copyright 2026. Bcnsprnw @Library